COMMUNICATION SKILLS (Record no. 10449)

MARC details
000 -LEADER
fixed length control field 00338nam a22001577a 4500
003 - CONTROL NUMBER IDENTIFIER
control field SGT
020 ## - INTERNATIONAL STANDARD BOOK NUMBER
International Standard Book Number 9780199457069
082 ## - DEWEY DECIMAL CLASSIFICATION NUMBER
Classification number 428.34,KUM
100 ## - MAIN ENTRY--PERSONAL NAME
Personal name KUMAR,SANJAY
245 ## - TITLE STATEMENT
Title COMMUNICATION SKILLS
250 ## - EDITION STATEMENT
Edition statement 2ND
260 ## - PUBLICATION, DISTRIBUTION, ETC. (IMPRINT)
Place of publication, distribution, etc NEW DELHI
Name of publisher, distributor, etc OXFORD
Year of Publication 2015
300 ## - PAGE DESCRIPTION
No. of Pages 600
650 ## - SUBJECT ADDED ENTRY--TOPICAL TERM
Topical term or geographic name as entry element COMMUNICATION SKILLS
942 ## - ADDED ENTRY ELEMENTS (KOHA)
Source of classification or shelving scheme Dewey Decimal Classification
Koha item type Books
942 ## - ADDED ENTRY ELEMENTS (KOHA)
-- 1
Holdings
Withdrawn status Lost status Source of classification or shelving scheme Damaged status Not for loan Collection code Home library Current library Shelving location Date acquired Vendor Name Cost, normal purchase price SGTU Bill Number Total Checkouts Full call number Accession No. (Barcode) Date last seen Date last borrowed Bill Date Koha item type
    Dewey Decimal Classification     LAW SGT Science & Social Sciences Library SGT Science & Social Sciences Library Text Book 17/01/2017 TECHNICAL BUREA INDIA LIMITED 455.00 SGTU 2002 3 428.34,KUM FL1083 21/02/2022 08/02/2022 26/09/2015 Books
    Dewey Decimal Classification   Not For Loan LAW SGT Science & Social Sciences Library SGT Science & Social Sciences Library Reference Book 17/01/2017 TECHNICAL BUREA INDIA LIMITED 455.00 SGTU 2002   428.34,KUM FL1084 17/01/2017   26/09/2015 Books